| 000 | 00462nam a2200181Ia 4500 | ||
|---|---|---|---|
| 001 | 18994 | ||
| 005 | 20260306171711.0 | ||
| 008 | 260306s9999||||xx |||||||||||||| ||und|| | ||
| 041 | _aESP | ||
| 082 |
_a678.72 _bE323 |
||
| 100 |
_aEdgar Voysest, Rómulo _eAUT |
||
| 245 | 0 |
_aCadena de abastecimiento: _bgestión en entornos competitivos |
|
| 260 | _c2009 | ||
| 300 |
_a418 páginas : _c24 cm. |
||
| 650 | _aGEN | ||
| 654 | _aCII | ||
| 942 |
_cLIB _dJUS _fJUS _2ddc _n |
||
| 999 |
_c18994 _d18994 |
||